000
00259nam a2200109Ia 4500
008
221009s9999 xx 000 0 und d
082
_a
920/KAN
100
_a
Kanitkar,Mukul
_9
81336
245
0
_a
Essential Vivekananda
260
_b
Rupa Pulication
942
_c
BK
999
_c
64971
_d
64971